<?xml version="1.0" encoding="UTF-8"?>
<marc:record xmlns:marc="http://www.loc.gov/MARC21/slim">
   <marc:leader>00000nam a2200000 a 4500</marc:leader>
   <marc:datafield ind1="1" ind2=" " tag="100">
      <marc:subfield code="a">FRITZ, Astrid</marc:subfield>
      <marc:subfield code="4">aut</marc:subfield>
      <marc:subfield code="e">Verfasser/-in</marc:subfield>
   </marc:datafield>
   <marc:datafield ind1="0" ind2="0" tag="245">
      <marc:subfield code="a">Die Himmelsbraut</marc:subfield>
   </marc:datafield>
   <marc:datafield ind1="0" ind2="0" tag="245">
      <marc:subfield code="c">Astrid FRITZ</marc:subfield>
   </marc:datafield>
   <marc:datafield ind1=" " ind2="1" tag="264">
      <marc:subfield code="a">München</marc:subfield>
      <marc:subfield code="b">Kindler</marc:subfield>
      <marc:subfield code="c">2012</marc:subfield>
   </marc:datafield>
   <marc:datafield ind1=" " ind2=" " tag="250">
      <marc:subfield code="a">1</marc:subfield>
   </marc:datafield>
   <marc:datafield ind1="1" ind2=" " tag="520">
      <marc:subfield code="a">Kurzbeschreibung: Auf Burg Holderstein erlebt Antonia, was man eine ideale Kindheit nennt: Trotz des frühen Verlusts der Mutter erfährt sie als Jüngste unter vier Geschwistern ein harmonisches Familienleben. Der Höhepunkt des Tages ist für sie, den Unterrichtsstunden des Kammerfräuleins zu entkommen und mit ihrem Freund Phillip in die Natur auszureiten. Als Phillip ihr eines Tages von einem gewissen Martin Luther erzählt, der die Grundsätze der katholischen Kirche anzweifelt und dessen Flugschriften schon die Runde machen, ahnt sie noch nicht, dass ihre heile Welt in Kürze zusammenbrechen wird</marc:subfield>
   </marc:datafield>
   <marc:datafield ind1=" " ind2=" " tag="020">
      <marc:subfield code="a">3463406241</marc:subfield>
      <marc:subfield code="9">3463406241</marc:subfield>
   </marc:datafield>
   <marc:datafield ind1=" " ind2=" " tag="300">
      <marc:subfield code="a">480 S.</marc:subfield>
   </marc:datafield>
</marc:record>
